000 00487nam a2200133Ia 4500
008 230503t2006||||xx |||||||||||||| ||spa||
110 _aInstituto interamericano de cooperación para la agricultura
245 0 _aNodo de cooperación para los países de América Latina y el Caribe
260 _aSantiago de Chile
_bIICA
_c2006
260 _c2006
300 _a86 páginas
500 _a(1-022.00)
856 _uhttp://repositorio.iica.int/handle/11324/7405
_yClick para acceder al recurso
999 _c172228
_d172228